| 000 | 00911nam a2200253 i 4500 | ||
|---|---|---|---|
| 001 | 79642 | ||
| 003 | ES-MaACL | ||
| 005 | 20230906174024.0 | ||
| 007 | t| | ||
| 008 | 041022s1973 sp ||||1| spa d | ||
| 080 | _a581.175:543 | ||
| 080 | _a543.581.543 | ||
| 100 | 1 |
_aHernando, Valentín. _963095 |
|
| 245 | 1 | 3 |
_aEl análisis de savia como índice de fertilización : _bestudio comparativo con el análisis foliar / _cValentín Hernando, Carlos Cadahia. |
| 260 |
_aMadrid : _bInstituto de Edafología y Biología Vegetal, _c1973. |
||
| 300 |
_aXII, 167 p., 6 lám.col. : _bil. ; _c25 cm. |
||
| 490 | 1 |
_aManuales de ciencia actual ; _v7 |
|
| 650 |
_aPlantas- _xAnálisis. _9176358 |
||
| 700 | 1 |
_aCadahia, Carlos. _933370 |
|
| 710 | 2 |
_aInstituto de Edafología y Biología Vegetal. _94868 |
|
| 830 | 1 |
_aManuales de ciencia actual ; _v7 _9186465 |
|
| 852 | 4 |
_aES-MaACL _jC-51958 |
|
| 999 |
_c79642 _d79642 |
||